| LEADER |
01212nam0a2200205 450 |
| 001 |
16843278 |
| 010 |
|
|
|a 978-2-260-02988-5
|b br.
|d 18
|
| 100 |
|
|
|a 20170726d2017 u u0frey01 ba
|
| 101 |
0 |
|
|a fre
|
| 102 |
|
|
|a FR
|
| 200 |
0 |
|
|a Arrête avec tes mensonges
|e roman
|f Philippe Besson
|
| 207 |
|
1 |
|a
|
| 210 |
|
|
|a Paris
|c Julliard
|d 2017
|
| 215 |
|
|
|a 1 vol. (194 p.)
|c couv. ill. coul. ; non ill.
|d 21 cm
|
| 300 |
|
|
|a Prix littéraire : Prix Maison de la Presse - 2017
|
| 330 |
|
|
|a Quand j'étais enfant, ma mère ne cessait de me répéter : ' Arrête avec tes mensonges. ' J'inventais si bien les histoires, paraît-il, qu'elle ne savait plus démêler le vrai du faux. J'ai fini par en faire un métier, je suis devenu romancier. Aujourd'hui, voilà que j'obéis enfin à ma mère : je dis la vérité. Pour la première fois. Dans ce livre. Autant prévenir d'emblée : pas de règlement de comptes, pas de violence, pas de névrose familiale. Mais un amour, quand même. Un amour immense et tenu secret. Qui a fini par me rattraper.
|
| 700 |
|
0 |
|a Besson
|b Philippe
|f 1967-....
|4 70
|
| 900 |
|
|
|a Roman
|
| 901 |
|
|
|a Adultes
|
| 995 |
|
|
|a Médiathèque
|c Médiathèque
|f 089015506
|h 089015506
|k R BES
|o p
|q a
|r az
|e Médiathèque
|